| 000 | 004270000a22001570004500 | ||
|---|---|---|---|
| 020 | _a0-590-46028-5 | ||
| 082 | 0 | 4 | _aB Sh614p |
| 245 | 1 | 0 | _aMi primer libro de palabras, ilustraciones : Lena Shiffman |
| 260 | _aBroadway : Scholastic | ||
| 300 | _a62 P. | ||
| 500 | _aCategoria hasta los 5 años | ||
| 505 | 0 | 0 | _aMil palabras para la vida cotidiana de los niños |
| 650 | 1 | 4 | _aLiteratura Infantil |
| 001 | 110 | ||
| 942 | _cLGB | ||
| 999 |
_c47368 _d47368 |
||